Points for parents: (Record no. 14702)

000 -LEADER
fixed length control field 00711nam a2200193 a 4500
001 - CONTROL NUMBER
control field :::00012535$&:&@@
003 - CONTROL NUMBER IDENTIFIER
control field OkBaRHE
005 - DATE AND TIME OF LATEST TRANSACTION
control field 20000607103420.0
008 - FIXED-LENGTH DATA ELEMENTS--GENERAL INFORMATION
fixed length control field s1963 j 000 0 eng u
040 ## - CATALOGING SOURCE
Transcribing agency
100 1# - MAIN ENTRY--PERSONAL NAME
Personal name Simon, Martin Paul William, 1903-
245 10 - TITLE STATEMENT
Title Points for parents:
Remainder of title a book to help parents understand and guide their children.
260 ## - PUBLICATION, DISTRIBUTION, ETC. (IMPRINT)
Place of publication, distribution, etc Grand Rapids, MI., :
Name of publisher, distributor, etc Zondervan Publishing House
Date of publication, distribution, etc c1963
300 ## - PHYSICAL DESCRIPTION
Extent 183 p. ;
Dimensions 21 cm.
650 ## - SUBJECT ADDED ENTRY--TOPICAL TERM
Topical term or geographic name as entry element Child Rearing
General subdivision United States
-- Miscellaneous
650 ## - SUBJECT ADDED ENTRY--TOPICAL TERM
Topical term or geographic name as entry element Parenting
General subdivision Religious Aspects
-- Christianity
942 ## - ADDED ENTRY ELEMENTS (KOHA)
Source of classification or shelving scheme
Koha item type Books
Copies
Date last seen Shelving location Source of classification or shelving scheme Permanent Location Lost status Damaged status Koha item type Date acquired Withdrawn status Full call number Not for loan Barcode Price effective from Copy number
2010-04-14General Stacks RHEMA Bible Training College  Books2010-04-14 HQ 755.8 .S544 125352010-04-141